000 01297naa a22003737a 4500
001 BR8202601
003 BR-BrBNA
005 20240918175114.0
007 ta
008 230509b bl.||||| |||| 00| 0 por d
040 _aBR-BrBNA
_bpor
_cBiblioteca Nacional de Agricultura
041 _a(Pt)
072 _aF26; F27; F28
_b/G514
_bGZ74
090 _aF26 BR8202601
100 1 _aPrimavesi, A.
245 1 _aSolos especiais [Recurso do solo; Cultivo do solo; Analise do solo; Cerrado; Amazonia; Brasil]
250 1 _a4. ed.
260 3 _aSao Paulo, SP (Brasil):
_bNobel,
_c1982.
500 _aPrimavesi, A. O manejo ecologico do solo: a agricultura em regioes tropicais 4. ed. Sao Paulo, SP (Brasil): Nobel, 1982. p. 464-528 (BR8202601-AM)F26
650 _aRECURSO DO SOLO
650 _aCULTIVO DO SOLO
650 _aRECUPERACAO DO SOLO
650 _aSOLO
650 _aANALISE DO SOLO
650 _aPASTEJO ROTATIVO
650 _aPASTAGEM CONSORCIADA
650 _aADUBACAO
650 _aCONSERVACAO DO SOLO
650 _aCERRADO
650 _aAMAZONIA
773 0 _tO manejo ecologico do solo: a agricultura em regioes tropicais
_aPrimavesi, A.
_wF26 BR8202601
_gSao Paulo, SP (Brasil), 1982. p. 464-528
909 _a202404
_bLucia
_c55
_dLucia Elande
942 _cAM
_2AGRIS
999 _c315032
_d315032